DN. Prosperi Farinacii ... Decisiones Sacrae Rotae Romanae cum canonicae tum civiles in duas partes distributae nec umqam hactenus editae. (Registro nro. 37683)

Detalles MARC
000 -ENCABEZADO
Número de control [NR] 02691nam a2200349Ia 4500
008 - DE LONGITUD FIJA DE DATOS DE ELEMENTOS - INFORMACIÓN GENERAL
Elementos de longitud fija [NR] 130821s1620 be gr lat
040 ## - FUENTE DE CATALOGACION [NR]
Agencia de catalogación original [NR] Co-BoUCM
Idioma de catalogación [NR] spa
041 0# - CODIGO DE IDIOMA [R]
Código de idioma para texto/pista de sonido o título separado [R] Latín
092 ## - SIGNATURA TOPOGRAFICA LOCAL
Número de clasificación local E21N004
100 1# - ASIENTO PRINCIPAL--NOMBRE PERSONAL [NR]
Nombre personal [NR] Farinacci, Prospero
Fechas asociadas con el nombre [NR] 1554-1618
242 00 - TRADUCCION DEL TITULO POR LA AGENCIA CATALOGADORA [R]
Título [NR] Decisiones de la Sagrada Rota Romana, tanto canónicas como civiles. Organizadas en dos partes. Se publican ahora por primera vez
Mención de responsabilidad, etc. [NR] Próspero Farinacci
Código de idioma del título traducido [NR] spa
245 10 - MENCION DE TITULO [NR]
Título [NR] DN. Prosperi Farinacii ... Decisiones Sacrae Rotae Romanae cum canonicae tum civiles in duas partes distributae nec umqam hactenus editae.
246 13 - FORMA VARIANTE DEL TITULO [R]
Título propiamente dicho/forma breve del título [NR] [Próspero Farinacci ... Decisiones de la Sagrada Rota Romana, tanto canónicas como civiles. Organizadas en dos partes. Se publican ahora por primera vez]
260 ## - PUBLICACION, DISTRIBUCION, ETC. (PIE DE IMPRENTA) [R]
Lugar de publicación, distribución, etc. [R] Antuerpia (Bélgica)
Nombre del editor, distribuidor, etc. [R] apud Ioannem Keerbergium [Johannes Keerberger]
Fecha de publicación, distribución, etc. [R] 1620
300 ## - DESCRIPCION FISICA [R]
Extensión [R] [60], 659, [85] páginas
500 ## - NOTA GENERAL [R]
Nota general [NR] Detalles físicos: Encuadernación flexible en pergamino, piel manchada y arrugada. Conserva guardas, despegadas. Portada impresa a dos tintas con un grabado (Calcografía, de calidad con el lema latino: "Calienta y embellece"), firmado por Pedro Pablo Rubens. Dedicatoria a Francisco Enrique Van der Burch, arzobispo de Cambrai. Cartas-dedicatorias del autor, Aprobación de los censores. Texto impreso en dos columnas muy densas, con diversos tipos y tamaños de letra. Márgenes amplios. Párrafos numerados. Mayúsculas capitales. Signaturas y Reclamos. Papel con manchas de humedad. Deterioro en bordes de primeras y últimas hojas. En la portada anotaciones: "Doctor Don Ferdinando Lozano Infante". , otra en el el pie de imprenta: "Doctor Don Ferdinando Lozano Infante, jurisconsulto y procurador de Santa Fe y en la Real Audiencia ..."
500 ## - NOTA GENERAL [R]
Nota general [NR] incluye indice.
506 ## - NOTA DE RESTRICCIONES DE ACCESO [R]
Condiciones de acceso [NR] Consulta en sala.
520 ## - NOTA DE RESUMEN, ETC. [R]
Nota de sumario, etc. [NR] Estudio y comentario de doscientas sentencias recientes del tribunal de la Sacra Rota Romana, relacionadas con diversos temas canónicos y con diversos casos sucedidos en distintas diócesis.
546 ## - NOTA DE IDIOMA [R]
Nota de idioma [NR] Texto en latín.
610 24 - ASIENTO SECUNDARIO DE MATERIA - NOMBRE CORPORATIVO [R]
Nombre corporativo o nombre de la jurisdicción como elemento de entrada [NR] Iglesia Católica
Unidad subordinada [R] Rota Romana
Subdivisión general [R] Obras anteriores a 1700
9 (RLIN) 7705
650 04 - ASIENTO SECUNDARIO DE MATERIA - TERMINO TEMATICO [R]
Término temático o nombre geográfico como elemento de entrada [NR] Derecho canónico
9 (RLIN) 12710
650 04 - ASIENTO SECUNDARIO DE MATERIA - TERMINO TEMATICO [R]
Término temático o nombre geográfico como elemento de entrada [NR] Derecho canónico
Subdivisión de forma [R] Sentencias
Subdivisión general [R] Obras anteriores a 1700
9 (RLIN) 12710
650 04 - ASIENTO SECUNDARIO DE MATERIA - TERMINO TEMATICO [R]
Término temático o nombre geográfico como elemento de entrada [NR] Derecho canónico
Subdivisión general [R] Obras anteriores a 1700
9 (RLIN) 12710
650 04 - ASIENTO SECUNDARIO DE MATERIA - TERMINO TEMATICO [R]
Término temático o nombre geográfico como elemento de entrada [NR] Derecho eclesiástico
Subdivisión de forma [R] Sentencias
Subdivisión general [R] Obras anteriores a 1700
9 (RLIN) 12757
650 04 - ASIENTO SECUNDARIO DE MATERIA - TERMINO TEMATICO [R]
Término temático o nombre geográfico como elemento de entrada [NR] Derecho eclesiástico
Subdivisión general [R] Obras anteriores a 1700
9 (RLIN) 12757
650 04 - ASIENTO SECUNDARIO DE MATERIA - TERMINO TEMATICO [R]
Término temático o nombre geográfico como elemento de entrada [NR] Tribunales eclesiásticos
Subdivisión general [R] Obras anteriores a 1700
9 (RLIN) 25877
700 1# - ASIENTO SECUNDARIO - NOMBRE PERSONAL [R]
Nombre personal [NR] Keerberger, Johannes
Término de relación [R]
700 1# - ASIENTO SECUNDARIO - NOMBRE PERSONAL [R]
Nombre personal [NR] Rubens, Pedro Pablo
Término de relación [R]
942 ## - ELEMENTOS DE ENTRADA AGREGADOS (KOHA)
Tipo de ítem principal el descrito en 300a Libro
Tema principal Religión
Edición 1
Sistema de clasificación DEWEY
Clasificación 262.9
Existencias
Total préstamos Código de barras Última vez visto Volúmen / Fascículo Ejemplar Price effective from Tipo de ítem Perdido Sistema de clasificación Dañado No prestable Tipo de ítem específico Suprimido Ubicación habitual Ubicación actual Localización Fecha de creación Forma de adquisición Costo
  L003090 15/12/2012 E21N004 Ej.1 03/02/2013 Libro   DEWEY     Libro archivo     Archivo Histórico Archivo histórico 28/02/2013 Donación 0.00